| 000 | 00677nam a2200253 a 4500 | ||
|---|---|---|---|
| 001 | 10889 | ||
| 003 | CO-ViMGA | ||
| 008 | 141112s2004 ck r 000 u spa d | ||
| 020 | _a01887815 | ||
| 040 |
_aCO-ViMGA _bspa _cCO-ViMGA |
||
| 082 | 0 | 4 | _aV861.6 V35sl |
| 100 | 1 |
_aVelásquez, Lucila _914909 |
|
| 245 | 1 | 0 | _aLa singularidad endecasílaba |
| 250 | _a1 | ||
| 260 | _aUniversidad Nacional Autónoma de Mexico | ||
| 300 | _a77 p. | ||
| 490 | _aCuadernos de cuadernos | ||
| 500 | _aFecha : 1995 | ||
| 650 | 1 | 4 |
_aCOSMOS - POESIA _914910 |
| 650 | 1 | 4 |
_aFLORES - POESIA _948134 |
| 650 | 1 | 4 |
_aPOESIA VENEZOLANA _950942 |
| 650 | 1 | 4 |
_aSOLEDAD - POESIA _914911 |
| 942 |
_2ddc _cBK |
||
| 999 |
_c22109 _d22109 |
||